Normal view
MARC view
- الشركات-الاردن-ادارة-محاسبة-البورصات
Entry Topical Term
001 - CONTROL NUMBER
- control field: 63385
003 - CONTROL NUMBER IDENTIFIER
- control field: JO-AjAnu
005 - DATE AND TIME OF LATEST TRANSACTION
- control field: 20230606084339.0
008 - FIXED-LENGTH DATA ELEMENTS
- fixed length control field: 230606|| aca||aabn | a|a d
040 ## - CATALOGING SOURCE
- Original cataloging agency: JO-AjAnu
- Transcribing agency: JO-AjAnu
150 ## - HEADING--TOPICAL TERM
- Topical term or geographic name entry element: الشركات-الاردن-ادارة-محاسبة-البورصات
670 ## - SOURCE DATA FOUND
- Source citation: Work cat.: (JO-AjAnu)32315: اعداد الربضي، تالا رامي نجيب؛ اشراف علي عبدالله الزعبي, author 63384, اثر المخاطر النظامية على ربحية اسهم الشركات الصناعية الاردنية المدرجة في بورصة عمان-تمهيد الدخل كمتغير معدل=The Impact of Systematic Risk on Earning Per Share of Jordanian Industrial Companies Listed at Amman Stock Exchange-Income Smoothing as a Moderating Variable